| 000 | 00669cab a22001935a 4500 | ||
|---|---|---|---|
| 001 | L146679 | ||
| 008 | 090216s2009 xxkad f s 000 0 eng d | ||
| 035 | _a(Sirsi) u146679 | ||
| 041 | 0 | _aeng | |
| 110 | 2 |
_aAsia Property _95589 |
|
| 245 | 0 | 0 |
_aKey data _boccupiers |
| 260 | _c2009 | ||
| 490 | 0 |
_aAsia Property _vFebruary 2009, 26(1) |
|
| 520 | _aReports that the Shanghai Grade A office market registered a sharp downturn in the fourth quarter of 2008 and that Tokyo office rents continued to fall in the third quarter of 2008. Tables. | ||
| 590 | _aKA | ||
| 651 | 4 | _aAsia Pacific | |
| 690 | _aPROPERTY-COMMERCIAL PROPERTY-COMMERCIAL PROPERTY MARKET | ||
| 942 | _n0 | ||
| 999 |
_c81240 _d81240 |
||